000
00335 a2200157 4500
001
62087
020
_a
8532250467
040
_c
Anchieta - Pituba
100
_a
Porto, Cristina
240
1
0
_a
Imagens do Sertão
_l
por
245
1
0
_a
Imagens do Sertão
300
_a
55
362
0
_a
2003
650
4
_a
Literatura juvenil
942
_c
BK
999
_c
62087
_d
62087